Carte des communes du Nord-Pas de Calais - Statistiques

Statistiques générales
  • Ce quiz a été pris 306 fois
  • Le résultat moyen est 109 sur 1535
Réponses sur la Carte
Les réponses sont colorées sur une échelle allant du rouge au vert en fonction du pourcentage des utilisateurs qui les ont devinées à leur premier essai. Vous pouvez retrouver ces pourcentages ci-dessous.
 
Statistiques - réponses
Arrondissement Communes % Correct
Lille Lille
96%
Dunkerque Dunkerque
86%
Lens Lens
85%
Calais Calais
84%
Arras Arras
83%
Douai Douai
81%
Lille Roubaix
80%
Boulogne sur Mer Boulogne sur Mer
78%
Valenciennes Valenciennes
78%
Saint Omer Saint Omer
74%
Lille Tourcoing
74%
Béthune Béthune
73%
Montreuil Le Touquet
70%
Cambrai Cambrai
67%
Montreuil Berck
60%
Avesnes sur Helpe Maubeuge
58%
Lille Villeneuve d'Ascq
58%
Lille Armentières
54%
Lens Liévin
54%
Lille Loos
53%
Dunkerque Hazebrouck
51%
Lens Hénin Beaumont
51%
Lille Marcq en Baroeul
51%
Dunkerque Gravelines
46%
Lille La Madeleine
46%
Lens Carvin
45%
Lille Seclin
44%
Montreuil Avesnes
43%
Dunkerque Bailleul
43%
Lille Lesquin
43%
Lille Mons en Baroeul
43%
Dunkerque Bray Dunes
40%
Lille Croix
39%
Lille Lambersart
38%
Lille Wasquehal
38%
Dunkerque Bergues
37%
Dunkerque Grande Synthe
36%
Lille Wambrechies
36%
Boulogne sur Mer Wimereux
36%
Dunkerque Cassel
35%
Lille Ronchin
35%
Arras Saint Amand
35%
Valenciennes Denain
34%
Montreuil Etaples
34%
Lille Hem
34%
Lens Noyelles Godault
34%
Lens Avion
33%
Béthune Bruay la Buissière
33%
Arras Bus
33%
Lille Faches Thumesnil
33%
Boulogne sur Mer Wissant
33%
Saint Omer Aire sur la Lys
32%
Lille La Neuville
32%
Lille La Bassée
31%
Béthune Lillers
31%
Boulogne sur Mer Neufchâtel Hardelot
31%
Lille Wattignies
31%
Lille Wattrelos
31%
Lille Comines
30%
Avesnes sur Helpe Fourmies
29%
Lille La Chapelle d'Armentières
29%
Lens Loos en Gohelle
29%
Montreuil Montreuil sur Mer
29%
Douai Orchies
29%
Arras Saint Pol sur Ternoise
29%
Dunkerque Steenvoorde
29%
Lille Englos
28%
Lille Haubourdin
28%
Lens Libercourt
28%
Calais Marck
28%
Lens Oignies
28%
Lille Roncq
28%
Lille Wavrin
28%
Avesnes sur Helpe Avesnes sur Helpe
27%
Dunkerque Loon Plage
27%
Lille Pérenchies
27%
Valenciennes Anzin
26%
Lens Bully les Mines
26%
Lille Halluin
26%
Avesnes sur Helpe Le Quesnoy
26%
Lille Marquette lez Lille
26%
Dunkerque Merville
26%
Dunkerque Nieppe
26%
Béthune Noeux les Mines
26%
Lille Saint André lez Lille
26%
Lille Phalempin
25%
Valenciennes Saint Amand les Eaux
25%
Dunkerque Steenwerck
25%
Boulogne sur Mer Ambleteuse
24%
Lille Bondues
24%
Dunkerque Coudekerque Branche
24%
Béthune Lambres
24%
Boulogne sur Mer Le Portel
24%
Montreuil Merlimont
24%
Béthune Auchel
23%
Montreuil Cucq
23%
Dunkerque Leffrinckoucke
23%
Calais Oye Plage
23%
Douai Somain
23%
Dunkerque Estaires
22%
Dunkerque Grand Fort Philippe
22%
Lille Sainghin en Weppes
22%
Lens Vimy
22%
Dunkerque Wormhout
22%
Dunkerque Zuydcoote
22%
Lille Annoeullin
21%
Saint Omer Arques
21%
Béthune Beuvry
21%
Lille Erquinghem Lys
21%
Lille Houplines
21%
Lille Illies
21%
Lille Leers
21%
Lille Lezennes
21%
Boulogne sur Mer Marquise
21%
Lens Méricourt
21%
Boulogne sur Mer Outreau
21%
Lille Salomé
21%
Calais Sangatte
21%
Boulogne sur Mer Audresselles
20%
Calais Coquelles
20%
Arras Flers
20%
Béthune Fleurbaix
20%
Cambrai Neuvilly
20%
Lille Santes
20%
Lille Sequedin
20%
Douai Sin le Noble
20%
Lille Templemars
20%
Dunkerque Bourbourg
19%
Lille Cysoing
19%
Calais Fréthun
19%
Lille Fretin
19%
Béthune Isbergues
19%
Dunkerque La Gorgue
19%
Lille Lys lez Lannoy
19%
Lens Noyelles sous Lens
19%
Lille Ostricourt
19%
Béthune Sailly sur la Lys
19%
Lille Thumeries
19%
Douai Auby
18%
Arras Bapaume
18%
Cambrai Caudry
18%
Lens Dourges
18%
Montreuil Fruges
18%
Lens Leforest
18%
Saint Omer Lumbres
18%
Lille Mouvaux
18%
Lille Neuville en Ferrain
18%
Arras Sainte Catherine
18%
Lens Vendin le Vieil
18%
Lille Warneton
18%
Boulogne sur Mer Wimille
18%
Calais Ardres
17%
Béthune Auchy les Mines
17%
Calais Audruicq
17%
Lens Courrières
17%
Lille Don
17%
Béthune Douvrin
17%
Dunkerque Esquelbecq
17%
Béthune Laventie
17%
Béthune Lestrem
17%
Avesnes sur Helpe Maroilles
17%
Lille Mons en Pévèle
17%
Lens Montigny en Gohelle
17%
Lille Quesnoy sur Deûle
17%
Montreuil Radinghem
17%
Dunkerque Saint Jans Cappel
17%
Arras Saint Nicolas
17%
Arras Vitry en Artois
17%
Arras Achicourt
16%
Douai Arleux
16%
Lille Bauvin
16%
Lens Courcelles lès Lens
16%
Boulogne sur Mer Desvres
16%
Calais Escalles
16%
Calais Guînes
16%
Avesnes sur Helpe Jeumont
16%
Lille Linselles
16%
Saint Omer Longuenesse
16%
Lens Mazingarbe
16%
Lille Pont à Marcq
16%
Arras Saint Laurent Blangy
16%
Boulogne sur Mer Saint Martin Boulogne
16%
Lens Sallaumines
16%
Lille Templeuve en Pévèle
16%
Lille Verlinghem
16%
Béthune Vermelles
16%
Lille Wahagnies
16%
Valenciennes Wallers
16%
Douai Aniche
15%
Lille Avelin
15%
Lille Capinghem
15%
Dunkerque Ghyvelde
15%
Lens Harnes
15%
Dunkerque Hondschoote
15%
Lille Provin
15%
Valenciennes Raismes
15%
Boulogne sur Mer Audinghen
14%
Lille Baisieux
14%
Béthune Billy Berclau
14%
Saint Omer Blendecques
14%
Lille Bousbecque
14%
Montreuil Camiers
14%
Lille Camphin en Pévèle
14%
Douai Coutiches
14%
Arras Dainville
14%
Lille Deûlémont
14%
Lille Ennetières en Weppes
14%
Saint Omer Eperlecques
14%
Lille Fournes en Weppes
14%
Lille Frelinghien
14%
Arras Frévent
14%
Lille Gondecourt
14%
Lille Hallennes lez Haubourdin
14%
Montreuil Herly
14%
Béthune Houdain
14%
Lille Lannoy
14%
Lens Loison sous Lens
14%
Douai Marchiennes
14%
Lille Marquillies
14%
Lille Mérignies
14%
Dunkerque Morbecque
14%
Lille Sainghin en Mélantois
14%
Boulogne sur Mer Samer
14%
Dunkerque Uxem
14%
Lille Vendeville
14%
Dunkerque Watten
14%
Douai Waziers
14%
Lille Wervicq Sud
14%
Lens Wingles
14%
Avesnes sur Helpe Aulnoye Aymeries
13%
Cambrai Beaurain
13%
Arras Biache Saint Vaast
13%
Lille Bouvines
13%
Arras Brebières
13%
Cambrai Capelle
13%
Lille Cappelle en Pévèle
13%
Dunkerque Cappelle la Grande
13%
Lille Chéreng
13%
Calais Coulogne
13%
Douai Cuincy
13%
Douai Dechy
13%
Béthune Divion
13%
Lille Emmerin
13%
Lille Ennevelin
13%
Avesnes sur Helpe Hautmont
13%
Lille Herrin
13%
Lille Houplin Ancoisne
13%
Arras La Cauchie
13%
Lille Le Maisnil
13%
Valenciennes Marly
13%
Dunkerque Méteren
13%
Lens Meurchin
13%
Lille Noyelles lès Seclin
13%
Douai Pecquencourt
13%
Valenciennes Petite Forêt
13%
Lille Prémesques
13%
Douai Roost Warendin
13%
Lens Rouvroy
13%
Dunkerque Socx
13%
Dunkerque Steene
13%
Saint Omer Thérouanne
13%
Dunkerque Vieux Berquin
13%
Lille Attiches
12%
Lille Aubers
12%
Douai Aubigny au Bac
12%
Montreuil Azincourt
12%
Lille Beaucamps Ligny
12%
Lens Billy Montigny
12%
Lille Carnin
12%
Valenciennes Douchy les Mines
12%
Montreuil Estrée
12%
Douai Flers en Escrebieux
12%
Dunkerque Godewaersvelde
12%
Douai Lambres lez Douai
12%
Calais Les Attaques
12%
Calais Licques
12%
Lille Lompret
12%
Béthune Lorgies
12%
Douai Montigny en Ostrevent
12%
Montreuil Rang du Fliers
12%
Dunkerque Rexpoëde
12%
Arras Tilloy lès Mofflaines
12%
Béthune Violaines
12%
Lens Aix Noulette
11%
Béthune Annezin
11%
Béthune Barlin
11%
Dunkerque Bavinchove
11%
Dunkerque Bierne
11%
Dunkerque Blaringhem
11%
Lille Bois Grenier
11%
Lille Camphin en Carembault
11%
Lille Chemy
11%
Lens Eleu dit Leauwette
11%
Valenciennes Escaudain
11%
Lille Genech
11%
Dunkerque Haverskerque
11%
Lille Herlies
11%
Béthune Hersin Coupigny
11%
Dunkerque Herzeele
11%
Dunkerque Hoymille
11%
Dunkerque Killem
11%
Douai Lallaing
11%
Cambrai Le Cateau Cambrésis
11%
Douai Lewarde
11%
Avesnes sur Helpe Louvroil
11%
Dunkerque Neuf Berquin
11%
Douai Râches
11%
Dunkerque Strazeele
11%
Boulogne sur Mer Tardinghen
11%
Lille Toufflers
11%
Béthune Verquin
11%
Valenciennes Vieux Condé
11%
Dunkerque Zuytpeene
11%
Lille Allennes les Marais
10%
Dunkerque Armbouts Cappel
10%
Dunkerque Arnèke
10%
Douai Auberchicourt
10%
Lille Bersée
10%
Dunkerque Bollezeele
10%
Saint Omer Clairmarais
10%
Dunkerque Crochte
10%
Béthune Cuinchy
10%
Boulogne sur Mer Dannes
10%
Boulogne sur Mer Equihen Plage
10%
Lens Hulluch
10%
Béthune Marles les Mines
10%
Lille Moncheaux
10%
Béthune Noyelles lès Vermelles
10%
Arras Pernes
10%
Lille Sailly lez Lannoy
10%
Montreuil Saint Georges
10%
Dunkerque Steenbecque
10%
Dunkerque Téteghem Coudekerque Village
10%
Lille Willems
10%
Arras Agny
9%
Lens Angres
9%
Béthune Annequin
9%
Arras Aubigny en Artois
9%
Valenciennes Aulnoy lez Valenciennes
9%
Arras Auxi le Château
9%
Lens Bois Bernard
9%
Lille Bourghelles
9%
Valenciennes Bruay sur l'Escaut
9%
Béthune Burbure
9%
Béthune Busnes
9%
Béthune Calonne Ricouart
9%
Boulogne sur Mer Condette
9%
Douai Courchelettes
9%
Dunkerque Craywick
9%
Douai Ecaillon
9%
Saint Omer Ecques
9%
Lille Erquinghem le Sec
9%
Valenciennes Escautpont
9%
Avesnes sur Helpe Feignies
9%
Douai Fenain
9%
Douai Flines lez Raches
9%
Lens Fouquières lès Lens
9%
Lille Fromelles
9%
Lens Givenchy en Gohelle
9%
Lens Grenay
9%
Lille Hantay
9%
Saint Omer Helfaut
9%
Douai Hornaing
9%
Béthune La Couture
9%
Béthune Lapugnoy
9%
Dunkerque Le Doulieu
9%
Dunkerque Ledringhem
9%
Avesnes sur Helpe Locquignol
9%
Arras Maroeuil
9%
Douai Masny
9%
Dunkerque Noordpeene
9%
Calais Nortkerque
9%
Lille Radinghem en Weppes
9%
Douai Raimbeaucourt
9%
Dunkerque Renescure
9%
Dunkerque Rubrouck
9%
Béthune Sailly Labourse
9%
Lens Sains en Gohelle
9%
Dunkerque Spycker
9%
Valenciennes Trith Saint Léger
9%
Béthune Vendin lès Béthune
9%
Béthune Verquigneul
9%
Dunkerque Warhem
9%
Dunkerque West Cappel
9%
Lille Wicres
9%
Valenciennes Abscon
8%
Douai Aix en Pévèle
8%
Lens Annay
8%
Avesnes sur Helpe Anor
8%
Lille Anstaing
8%
Douai Auchy lez Orchies
8%
Arras Avesnes le Comte
8%
Lille Bachy
8%
Avesnes sur Helpe Bavay
8%
Valenciennes Beuvrages
8%
Arras Bours
8%
Lens Bouvigny Boyeffles
8%
Dunkerque Brouckerque
8%
Dunkerque Caëstre
8%
Douai Cantin
8%
Dunkerque Cappelle Brouck
8%
Béthune Cauchy à la Tour
8%
Valenciennes Condé sur l'Escaut
8%
Cambrai Escaudoeuvres
8%
Lens Evin Malmaison
8%
Valenciennes Famars
8%
Saint Omer Fauquembergues
8%
Lille Forest sur Marque
8%
Douai Guesnain
8%
Béthune Haisnes
8%
Dunkerque Hardifort
8%
Valenciennes Hergnies
8%
Béthune Hinges
8%
Béthune Labourse
8%
Béthune La Comté
8%
Boulogne sur Mer Landrethun le Nord
8%
Douai Lécluse
8%
Arras Marquion
8%
Douai Nomain
8%
Valenciennes Onnaing
8%
Dunkerque Oost Cappel
8%
Calais Peuplingues
8%
Dunkerque Pitgam
8%
Lens Pont à Vendin
8%
Cambrai Proville
8%
Dunkerque Quaëdypre
8%
Béthune Ruitz
8%
Calais Saint Folquin
8%
Dunkerque Saint Georges sur l'Aa
8%
Saint Omer Saint Martin lez Tatinghem
8%
Valenciennes Saint Saulve
8%
Béthune Saint Venant
8%
Arras Thélus
8%
Saint Omer Tilques
8%
Lille Tourmignies
8%
Montreuil Verton
8%
Calais Vieille Eglise
8%
Douai Vred
8%
Montreuil Wail
8%
Saint Omer Wittes
8%
Calais Zutkerque
8%
Arras Anzin Saint Aubin
7%
Boulogne sur Mer Bazinghen
7%
Dunkerque Bissezeele
7%
Dunkerque Boeschepe
7%
Valenciennes Bouchain
7%
Arras Corbehem
7%
Lens Drocourt
7%
Lille Escobecques
7%
Douai Esquerchin
7%
Arras Fresnes lès Montauban
7%
Béthune Haillicourt
7%
Valenciennes Hérin
7%
Douai Landas
7%
Valenciennes La Sentinelle
7%
Béthune Locon
7%
Lille Louvil
7%
Dunkerque Millam
7%
Saint Omer Moulle
7%
Calais Nielles lès Ardres
7%
Dunkerque Nieurlet
7%
Calais Nouvelle Eglise
7%
Arras Pas en Artois
7%
Lille Péronne en Mélantois
7%
Béthune Richebourg
7%
Boulogne sur Mer Rinxent
7%
Lens Souchez
7%
Arras Wailly
7%
Dunkerque Wallon Cappel
7%
Dunkerque Winnezeele
7%
Saint Omer Wizernes
7%
Dunkerque Zegerscappel
7%
Arras Acq
6%
Béthune Allouagne
6%
Avesnes sur Helpe Avesnelles
6%
Arras Bailleul sire Berthoult
6%
Dunkerque Bambecque
6%
Valenciennes Bellaing
6%
Dunkerque Berthen
6%
Douai Beuvry la Forêt
6%
Dunkerque Boëseghem
6%
Calais Bonningues lès Calais
6%
Dunkerque Borre
6%
Douai Bouvignies
6%
Douai Bruille lez Marchiennes
6%
Douai Bugnicourt
6%
Béthune Calonne sur la Lys
6%
Béthune Cambrin
6%
Béthune Chocques
6%
Valenciennes Crespin
6%
Arras Croisilles
6%
Saint Omer Dennebroeucq
6%
Dunkerque Drincham
6%
Arras Duisans
6%
Arras Ecurie
6%
Dunkerque Eecke
6%
Douai Erre
6%
Arras Fampoux
6%
Douai Férin
6%
Béthune Festubert
6%
Dunkerque Flêtre
6%
Béthune Fouquereuil
6%
Béthune Fresnicourt le Dolmen
6%
Montreuil Fresnoy
6%
Montreuil Fressin
6%
Arras Gavrelle
6%
Douai Goeulzin
6%
Béthune Gosnay
6%
Arras Gouy sous Bellonne
6%
Montreuil Groffliers
6%
Lille Gruson
6%
Douai Hamel
6%
Béthune Hesdigneul lès Béthune
6%
Montreuil Hesdin la Forêt
6%
Dunkerque Hondeghem
6%
Montreuil Hucqueliers
6%
Béthune Labeuvrière
6%
Boulogne sur Mer La Capelle lès Boulogne
6%
Douai Lauwin Planque
6%
Dunkerque Lederzeele
6%
Arras Le Sars
6%
Arras Maisnil
6%
Montreuil Marconnelle
6%
Dunkerque Merris
6%
Arras Mont Saint Eloi
6%
Lille Mouchin
6%
Béthune Neuve Chapelle
6%
Arras Neuville Saint Vaast
6%
Saint Omer Nordausques
6%
Béthune Norrent Fontes
6%
Calais Offekerque
6%
Valenciennes Oisy
6%
Calais Pihen lès Guînes
6%
Dunkerque Pradelles
6%
Montreuil Preures
6%
Valenciennes Prouvy
6%
Valenciennes Quiévrechain
6%
Arras Roclincourt
6%
Saint Omer Roquetoire
6%
Douai Roucourt
6%
Calais Ruminghem
6%
Dunkerque Sainte Marie Cappel
6%
Calais Sainte Marie Kerque
6%
Boulogne sur Mer Saint Etienne au Mont
6%
Boulogne sur Mer Saint Inglevert
6%
Calais Saint Omer Capelle
6%
Dunkerque Saint Pierre Brouck
6%
Dunkerque Saint Sylvestre Cappel
6%
Saint Omer Serques
6%
Cambrai Solesmes
6%
Avesnes sur Helpe Solre le Château
6%
Dunkerque Staple
6%
Dunkerque Terdeghem
6%
Dunkerque Thiennes
6%
Saint Omer Tournehem sur la Hem
6%
Lille Tressin
6%
Dunkerque Volckerinckhove
6%
Lille Wannehain
6%
Dunkerque Wylder
6%
Saint Omer Zudausques
6%
Lens Ablain Saint Nazaire
5%
Lens Acheville
5%
Saint Omer Alquines
5%
Calais Andres
5%
Cambrai Aubencheul au Bac
5%
Montreuil Auchy lès Hesdin
5%
Cambrai Avesnes les Aubert
5%
Arras Beaurains
5%
Arras Bellonne
5%
Lens Bénifontaine
5%
Arras Bucquoy
5%
Montreuil Campagne lès Hesdin
5%
Valenciennes Emerchicourt
5%
Béthune Essars
5%
Béthune Ferfay
5%
Avesnes sur Helpe Ferrière la Grande
5%
Arras Floringhem
5%
Béthune Gonnehem
5%
Béthune Guarbecque
5%
Calais Guemps
5%
Béthune Ham en Artois
5%
Valenciennes Hasnon
5%
Valenciennes Haveluy
5%
Boulogne sur Mer Hesdin l'Abbé
5%
Béthune Houchin
5%
Arras Izel lès Equerchin
5%
Avesnes sur Helpe Landrecies
5%
Dunkerque Looberghe
5%
Dunkerque Lynde
5%
Béthune Maisnil lès Ruitz
5%
Saint Omer Mametz
5%
Avesnes sur Helpe Marpent
5%
Douai Monchecourt
5%
Béthune Mont Bernanchon
5%
Valenciennes Mortagne du Nord
5%
Arras Noyelles sous Bellonne
5%
Béthune Oblinghem
5%
Valenciennes Quarouble
5%
Arras Quiéry la Motte
5%
Saint Omer Quiestède
5%
Saint Omer Racquinghem
5%
Boulogne sur Mer Rety
5%
Béthune Robecq
5%
Arras Roeux
5%
Béthune Saint Floris
5%
Arras Saint Michel sur Ternoise
5%
Dunkerque Sercus
5%
Avesnes sur Helpe Trélon
5%
Saint Omer Zouafques
5%
Cambrai Abancourt
4%
Arras Achiet le Grand
4%
Arras Achiet le Petit
4%
Arras Agnez lès Duisans
4%
Béthune Ames
4%
Béthune Amettes
4%
Douai Anhiers
4%
Arras Arleux en Gohelle
4%
Arras Athies
4%
Montreuil Attin
4%
Valenciennes Aubry du Hainaut
4%
Saint Omer Audincthun
4%
Valenciennes Avesnes le Sec
4%
Boulogne sur Mer Baincthun
4%
Calais Balinghem
4%
Arras Baralle
4%
Avesnes sur Helpe Beaufort
4%
Arras Beaumetz lès Loges
4%
Boulogne sur Mer Bellebrune
4%
Avesnes sur Helpe Berlaimont
4%
Arras Beugny
4%
Béthune Bourecq
4%
Cambrai Boursies
4%
Calais Brêmes
4%
Dunkerque Broxeele
4%
Avesnes sur Helpe Bry
4%
Cambrai Busigny
4%
Béthune Camblain Châtelain
4%
Calais Campagne lès Guines
4%
Montreuil Conchil le Temple
4%
Avesnes sur Helpe Cousolre
4%
Boulogne sur Mer Crémarest
4%
Arras Croix en Ternois
4%
Cambrai Doignies
4%
Dunkerque Ebblinghem
4%
Arras Ecourt Saint Quentin
4%
Saint Omer Enquin les Guinegatte
4%
Douai Erchin
4%
Arras Erin
4%
Dunkerque Eringhem
4%
Saint Omer Esquerdes
4%
Lens Estevelles
4%
Béthune Estrée Blanche
4%
Douai Estrées
4%
Arras Farbus
4%
Douai Faumont
4%
Douai Féchain
4%
Boulogne sur Mer Ferques
4%
Avesnes sur Helpe Ferrière la Petite
4%
Arras Feuchy
4%
Calais Fiennes
4%
Saint Omer Fléchin
4%
Béthune Fouquières lès Béthune
4%
Valenciennes Fresnes sur Escaut
4%
Arras Fresnoy en Gohelle
4%
Douai Fressain
4%
Cambrai Gouzeaucourt
4%
Calais Hames Boucres
4%
Valenciennes Haspres
4%
Arras Havrincourt
4%
Valenciennes Hélesmes
4%
Boulogne sur Mer Hesdigneul lès Boulogne
4%
Arras Heuchin
4%
Valenciennes Hordain
4%
Saint Omer Houlle
4%
Dunkerque Houtkerque
4%
Montreuil Hubersent
4%
Cambrai Inchy
4%
Boulogne sur Mer Isques
4%
Cambrai Iwuy
4%
Avesnes sur Helpe Jenlain
4%
Saint Omer Laires
4%
Valenciennes Lecelles
4%
Montreuil Lefaux
4%
Montreuil Le Parcq
4%
Douai Loffre
4%
Valenciennes Lourches
4%
Béthune Lozinghem
4%
Arras Magnicourt en Comté
4%
Valenciennes Maing
4%
Arras Manin
4%
Dunkerque Merckeghem
4%
Cambrai Moeuvres
4%
Arras Monchy le Preux
4%
Cambrai Neuville Saint Remy
4%
Montreuil Neuville sous Montreuil
4%
Valenciennes Neuville sur Escaut
4%
Arras Neuvireuil
4%
Calais Nielles lès Calais
4%
Arras Oeuf en Ternois
4%
Arras Oisy le Verger
4%
Béthune Ourton
4%
Dunkerque Oxelaëre
4%
Arras Palluel
4%
Montreuil Parenty
4%
Calais Polincove
4%
Boulogne sur Mer Questrecques
4%
Cambrai Raillencourt Sainte Olle
4%
Béthune Rely
4%
Saint Omer Renty
4%
Douai Rieulay
4%
Arras Rivière
4%
Valenciennes Roeulx
4%
Valenciennes Rouvignies
4%
Valenciennes Rumegies
4%
Avesnes sur Helpe Sains du Nord
4%
Avesnes sur Helpe | Montreuil Saint Aubin
4%
Arras Saint Léger
4%
Boulogne sur Mer Saint Léonard
4%
Calais Saint Tricat
4%
Arras Savy Berlette
4%
Valenciennes Sebourg
4%
Lens Servins
4%
Valenciennes Thiant
4%
Douai Tilloy lez Marchiennes
4%
Arras Tincques
4%
Arras Tortequesne
4%
Béthune Vaudricourt
4%
Arras Vaulx
4%
Valenciennes Vicq
4%
Béthune Vieille Chapelle
4%
Arras Vis en Artois
4%
Montreuil Wailly Beaucamp
4%
Arras Wancourt
4%
Douai Wandignies Hamage
4%
Douai Warlaing
4%
Saint Omer Wavrans sur l'Aa
4%
Boulogne sur Mer Wierre Effroy
4%
Dunkerque Zermezeele
4%
Montreuil Zoteux
4%
Calais Alembon
3%
Boulogne sur Mer Alincthun
3%
Arras Anvin
3%
Valenciennes Artres
3%
Béthune Auchy au Bois
3%
Boulogne sur Mer Audembert
3%
Cambrai Awoingt
3%
Avesnes sur Helpe Bas Lieu
3%
Saint Omer Beaumetz lès Aire
3%
Montreuil Beaurainville
3%
Boulogne sur Mer Belle et Houllefort
3%
Arras Bertincourt
3%
Cambrai Bertry
3%
Béthune Beugin
3%
Boulogne sur Mer Beuvrequen
3%
Béthune Blessy
3%
Arras Boiry Becquerelle
3%
Arras Boiry Sainte Rictrude
3%
Saint Omer Bomy
3%
Arras Bonnières
3%
Arras Boubers sur Canche
3%
Avesnes sur Helpe Boulogne sur Helpe
3%
Arras Bourlon
3%
Arras Boyelles
3%
Arras Brias
3%
Douai Brunémont
3%
Arras Buire au Bois
3%
Dunkerque Buysscheure
3%
Calais Caffiers
3%
Cambrai Cagnoncles
3%
Arras Cambligneul
3%
Montreuil Campagne lès Boulonnais
3%
Saint Omer Campagne lès Wardrecques
3%
Montreuil Campigneulles les Grandes
3%
Montreuil Campigneulles les Petites
3%
Lens Carency
3%
Cambrai Carnières
3%
Avesnes sur Helpe Cartignies
3%
Montreuil Coupelle Neuve
3%
Montreuil Coupelle Vieille
3%
Saint Omer Coyecques
3%
Cambrai Crèvecoeur sur l'Escaut
3%
Arras Croisette
3%
Saint Omer Delettes
3%
Saint Omer Dohem
3%
Béthune Drouvin le Marais
3%
Arras Dury
3%
Montreuil Ecuires
3%
Avesnes sur Helpe Elesmes
3%
Arras Epinoy
3%
Avesnes sur Helpe Eppe Sauvage
3%
Arras Eps
3%
Arras Ervillers
3%
Avesnes sur Helpe Eth
3%
Avesnes sur Helpe Etroeungt
3%
Arras Etrun
3%
Arras Favreuil
3%
Avesnes sur Helpe Felleries
3%
Arras Ficheux
3%
Cambrai Flesquières
3%
Valenciennes Flines lès Mortagne
3%
Montreuil Frencq
3%
Cambrai Fressies
3%
Béthune Givenchy lès la Bassée
3%
Avesnes sur Helpe Gognies Chaussée
3%
Avesnes sur Helpe Gommegnies
3%
Cambrai Gonnelieu
3%
Arras Gouy en Artois
3%
Lens Gouy Servins
3%
Avesnes sur Helpe Grand Fayt
3%
Saint Omer Hallines
3%
Calais Hardinghen
3%
Arras Haucourt
3%
Valenciennes Haulchin
3%
Cambrai Haussy
3%
Avesnes sur Helpe Haut Lieu
3%
Cambrai Haynecourt
3%
Arras Hébuterne
3%
Arras Hénin sur Cojeul
3%
Arras Héricourt
3%
Arras Herlin le Sec
3%
Arras Hermies
3%
Boulogne sur Mer Hervelinghen
3%
Saint Omer Heuringhem
3%
Dunkerque Holque
3%
Avesnes sur Helpe Jolimetz
3%
Avesnes sur Helpe La Flamengrie
3%
Calais Landrethun lès Ardres
3%
Arras Le Transloy
3%
Saint Omer Leulinghem
3%
Avesnes sur Helpe Leval
3%
Béthune Lières
3%
Arras Lisbourg
3%
Calais Louches
3%
Cambrai Marcoing
3%
Cambrai Maretz
3%
Valenciennes Mastaing
3%
Valenciennes Maulde
3%
Béthune Mazinghem
3%
Arras Metz en Couture
3%
Cambrai Naves
3%
Montreuil Nempont Saint Firmin
3%
Avesnes sur Helpe Neuf Mesnil
3%
Arras Neuville Vitasse
3%
Saint Omer Nielles lès Bléquin
3%
Cambrai Niergnies
3%
Valenciennes Nivelle
3%
Cambrai Noyelles sur Escaut
3%
Avesnes sur Helpe Obies
3%
Dunkerque Ochtezeele
3%
Valenciennes Odomez
3%
Arras Oppy
3%
Cambrai Ors
3%
Dunkerque Oudezeele
3%
Cambrai Paillencourt
3%
Arras Pelves
3%
Boulogne sur Mer Pernes lès Boulogne
3%
Avesnes sur Helpe Petit Fayt
3%
Avesnes sur Helpe Poix du Nord
3%
Avesnes sur Helpe Pont sur Sambre
3%
Avesnes sur Helpe Potelle
3%
Béthune Quernes
3%
Béthune Rebreuve Ranchicourt
3%
Arras Récourt
3%
Valenciennes Rombies et Marchipont
3%
Valenciennes Rosult
3%
Arras Rumaucourt
3%
Montreuil Rumilly
3%
Arras Sailly en Ostrevent
3%
Arras Sains lès Pernes
3%
Valenciennes Saint Aybert
3%
Béthune Saint Hilaire Cottes
3%
Cambrai Saint Hilaire lez Cambrai
3%
Montreuil Saint Josse
3%
Dunkerque Saint Momelin
3%
Avesnes sur Helpe Saint Remy du Nord
3%
Saint Omer Salperwick
3%
Douai Saméon
3%
Valenciennes Sars et Rosières
3%
Avesnes sur Helpe Sars Poteries
3%
Arras Sauchy Cauchy
3%
Arras Sauchy Lestrée
3%
Valenciennes Saultain
3%
Arras Saulty
3%
Saint Omer Seninghem
3%
Avesnes sur Helpe Sepmeries
3%
Saint Omer Setques
3%
Valenciennes Thivencelle
3%
Cambrai Thun l'Evêque
3%
Valenciennes Thun Saint Amand
3%
Cambrai Tilloy lez Cambrai
3%
Arras Trescault
3%
Montreuil Tubersent
3%
Arras Vaulx Vraucourt
3%
Montreuil Verchocq
3%
Lens Villers au Bois
3%
Cambrai Villers Outréaux
3%
Cambrai Villers Plouich
3%
Saint Omer Wardrecques
3%
Avesnes sur Helpe Wargnies le Grand
3%
Avesnes sur Helpe Wargnies le Petit
3%
Valenciennes Wasnes au Bac
3%
Avesnes sur Helpe Wattignies la Victoire
3%
Valenciennes Wavrechain sous Denain
3%
Dunkerque Wemaers Cappel
3%
Avesnes sur Helpe Wignehies
3%
Arras Willerval
3%
Boulogne sur Mer Wirwignes
3%
Saint Omer Wisques
3%
Béthune Witternesse
3%
Saint Omer Acquin Westbécourt
2%
Arras Adinfer
2%
Arras Ambrines
2%
Cambrai Anneux
2%
Arras Aumerval
2%
Avesnes sur Helpe Bachant
2%
Béthune Bajus
2%
Cambrai Banteux
2%
Saint Omer Bayenghem lès Seninghem
2%
Arras Beauvois
2%
Saint Omer Bellinghem
2%
Arras Berles Monchel
2%
Cambrai Bermerain
2%
Arras Beugnâtre
2%
Montreuil Beussent
2%
Montreuil Bezinghem
2%
Arras Bihucourt
2%
Cambrai Blécourt
2%
Saint Omer Bléquin
2%
Arras Boiry Notre Dame
2%
Saint Omer Boisdinghem
2%
Saint Omer Bonningues lès Ardres
2%
Calais Boursin
2%
Valenciennes Bousignies
2%
Cambrai Briastre
2%
Valenciennes Brillon
2%
Arras Buissy
2%
Arras Cagnicourt
2%
Arras Camblain l'Abbé
2%
Valenciennes Château l'Abbaye
2%
Arras Chérisy
2%
Cambrai Clary
2%
Saint Omer Cléty
2%
Boulogne sur Mer Colembert
2%
Avesnes sur Helpe Colleret
2%
Saint Omer Coulomby
2%
Montreuil Créquy
2%
Valenciennes Curgies
2%
Béthune Diéval
2%
Avesnes sur Helpe Dompierre sur Helpe
2%
Avesnes sur Helpe Dourlers
2%
Boulogne sur Mer Echinghen
2%
Saint Omer Escoeuilles
2%
Béthune Estrée Cauchy
2%
Valenciennes Estreux
2%
Cambrai Eswars
2%
Arras Etaing
2%
Saint Omer Febvin Palfart
2%
Avesnes sur Helpe Féron
2%
Arras Fleury
2%
Avesnes sur Helpe Floyon
2%
Arras Foncquevillers
2%
Arras Fontaine lès Croisilles
2%
Cambrai Fontaine Notre Dame
2%
Arras Frévin Capelle
2%
Béthune Gauchin Légal
2%
Avesnes sur Helpe Ghissignies
2%
Avesnes sur Helpe Gussignies
2%
Boulogne sur Mer Halinghen
2%
Arras Haute Avesnes
2%
Cambrai Hem Lenglet
2%
Arras Hermaville
2%
Calais Hermelinghen
2%
Cambrai Honnecourt sur Escaut
2%
Avesnes sur Helpe Houdain lez Bavay
2%
Arras Inchy en Artois
2%
Arras Izel lès Hameau
2%
Boulogne sur Mer Lacres
2%
Avesnes sur Helpe La Longueville
2%
Arras Le Ponchel
2%
Béthune Lespesses
2%
Cambrai Les Rues des Vignes
2%
Avesnes sur Helpe Liessies
2%
Béthune Ligny lès Aire
2%
Arras Ligny Saint Flochel
2%
Arras Ligny sur Canche
2%
Boulogne sur Mer Longfossé
2%
Avesnes sur Helpe Louvignies Quesnoy
2%
Arras Magnicourt sur Canche
2%
Arras Maizières
2%
Montreuil Maninghem
2%
Avesnes sur Helpe Marbaix
2%
Douai Marcq en Ostrevent
2%
Avesnes sur Helpe Maresches
2%
Valenciennes Marquette en Ostrevent
2%
Cambrai Masnières
2%
Arras Mercatel
2%
Valenciennes Millonfosse
2%
Arras Monchy Breton
2%
Arras Mory
2%
Calais Muncq Nieurlet
2%
Arras Nédon
2%
Arras Nédonchel
2%
Arras Noeux lès Auxi
2%
Arras Nuncq Hautecôte
2%
Avesnes sur Helpe Ohain
2%
Avesnes sur Helpe Orsinval
2%
Arras Ostreville
2%
Arras Penin
2%
Boulogne sur Mer Pittefaux
2%
Arras Plouvain
2%
Arras Pommera
2%
Arras Pommier
2%
Valenciennes Préseau
2%
Avesnes sur Helpe Prisches
2%
Valenciennes Quérénaing
2%
Boulogne sur Mer Quesques
2%
Cambrai Quiévy
2%
Arras Ramecourt
2%
Cambrai Ramillies
2%
Calais Recques sur Hem
2%
Avesnes sur Helpe Recquignies
2%
Arras Rémy
2%
Cambrai Ribécourt la Tour
2%
Cambrai Rieux en Cambrésis
2%
Calais Rodelinghem
2%
Montreuil Ruisseauville
2%
Arras Sachin
2%
Cambrai Sailly lez Cambrai
2%
Saint Omer Saint Augustin
2%
Avesnes sur Helpe Saint Hilaire sur Helpe
2%
Arras Saint Martin sur Cojeul
2%
Cambrai Saint Python
2%
Cambrai Sancourt
2%
Cambrai Saulzoir
2%
Avesnes sur Helpe Sémeries
2%
Montreuil Sempy
2%
Cambrai Sommaing
2%
Montreuil Sorrus
2%
Arras Sus Saint Léger
2%
Saint Omer Thiembronne
2%
Arras Valhuon
2%
Cambrai Vertain
2%
Cambrai Viesly
2%
Avesnes sur Helpe Vieux Mesnil
2%
Douai Villers au Tertre
2%
Cambrai Villers en Cauchies
2%
Avesnes sur Helpe Villers Pol
2%
Cambrai Walincourt Selvigny
2%
Arras Warlus
2%
Arras Warluzel
2%
Arras Wavrans sur Ternoise
2%
Béthune Westrehem
2%
Dunkerque Wulverdinghe
2%
Arras Ablainzevelle
1%
Saint Omer Affringues
1%
Arras Agnières
1%
Avesnes sur Helpe Aibes
1%
Montreuil Airon Notre Dame
1%
Montreuil Airon Saint Vaast
1%
Montreuil Aix en Ergny
1%
Montreuil Aix en Issart
1%
Montreuil Alette
1%
Montreuil Ambricourt
1%
Avesnes sur Helpe Amfroipret
1%
Arras Amplier
1%
Avesnes sur Helpe Assevent
1%
Montreuil Aubin Saint Vaast
1%
Arras Aubrometz
1%
Avesnes sur Helpe Audignies
1%
Saint Omer Audrehem
1%
Calais Autingues
1%
Arras Averdoingt
1%
Arras Avesnes lès Bapaume
1%
Saint Omer Avroult
1%
Arras Ayette
1%
Arras Bailleul aux Cornailles
1%
Arras Bailleul lès Pernes
1%
Arras Bailleulmont
1%
Arras Bailleulval
1%
Calais Bainghen
1%
Avesnes sur Helpe Baives
1%
Arras Bancourt
1%
Cambrai Bantigny
1%
Cambrai Bantouzelle
1%
Arras Barastre
1%
Arras Barly
1%
Arras Bavincourt
1%
Saint Omer Bayenghem lès Eperlecques
1%
Cambrai Bazuel
1%
Avesnes sur Helpe Beaudignies
1%
Arras Beaudricourt
1%
Arras Beaufort Blavincourt
1%
Arras Beaulencourt
1%
Montreuil Beaumerie Saint Martin
1%
Arras Beaumetz lès Cambrai
1%
Avesnes sur Helpe Beaurepaire sur Sambre
1%
Avesnes sur Helpe Beaurieux
1%
Arras Beauvoir Wavans
1%
Cambrai Beauvois en Cambrésis
1%
Montreuil Bécourt
1%
Arras Béhagnies
1%
Avesnes sur Helpe Bellignies
1%
Avesnes sur Helpe Bérelles
1%
Arras Bergueneuse
1%
Arras Berlencourt le Cauroy
1%
Arras Berles au bois
1%
Avesnes sur Helpe Bermeries
1%
Arras Berneville
1%
Montreuil Bernieulles
1%
Avesnes sur Helpe Bersillies
1%
Cambrai Béthencourt
1%
Arras Béthonsart
1%
Avesnes sur Helpe Bettignies
1%
Avesnes sur Helpe Bettrechies
1%
Avesnes sur Helpe Beugnies
1%
Montreuil Beutin
1%
Cambrai Bévillers
1%
Arras Biefvillers lès Bapaume
1%
Arras Bienvillers au Bois
1%
Montreuil Bimont
1%
Arras Blairville
1%
Montreuil Blangy sur Ternoise
1%
Montreuil Blingel
1%
Arras Boiry Saint Martin
1%
Arras Boisleux au Mont
1%
Arras Boisleux Saint Marc
1%
Montreuil Bouin Plumoison
1%
Calais Bouquehault
1%
Arras Bouret sur Canche
1%
Boulogne sur Mer Bournonville
1%
Montreuil Bourthes
1%
Avesnes sur Helpe Bousies
1%
Avesnes sur Helpe Bousignies sur Roc
1%
Avesnes sur Helpe Boussières sur Sambre
1%
Avesnes sur Helpe Boussois
1%
Saint Omer Bouvelinghem
1%
Montreuil Bréxent Enocq
1%
Valenciennes Bruille Saint Amand
1%
Boulogne sur Mer Brunembert
1%
Montreuil Buire le Sec
1%
Arras Bullecourt
1%
Arras Buneville
1%
Arras Canettemont
1%
Montreuil Canlers
1%
Cambrai Cantaing sur Escaut
1%
Arras Capelle Fermont
1%
Boulogne sur Mer Carly
1%
Cambrai Catillon sur Sambre
1%
Cambrai Cattenières
1%
Béthune Caucourt
1%
Cambrai Caullery
1%
Montreuil Caumont
1%
Cambrai Cauroir
1%
Montreuil Cavron Saint Martin
1%
Avesnes sur Helpe Cerfontaine
1%
Montreuil Chériennes
1%
Avesnes sur Helpe Choisies
1%
Avesnes sur Helpe Clairfayts
1%
Montreuil Clenleu
1%
Saint Omer Clerques
1%
Lille Cobrieux
1%
Arras Conchy sur Canche
1%
Arras Conteville en Ternois
1%
Boulogne sur Mer Conteville lès Boulogne
1%
Montreuil Cormont
1%
Arras Couin
1%
Arras Coullemont
1%
Arras Courcelles le Comte
1%
Boulogne sur Mer Courset
1%
Arras Couturelle
1%
Montreuil Crépy
1%
Avesnes sur Helpe Croix Caluyau
1%
Cambrai Cuvillers
1%
Arras Denier
1%
Avesnes sur Helpe Dimechaux
1%
Avesnes sur Helpe Dimont
1%
Arras Douchy lès Ayette
1%
Boulogne sur Mer Doudeauville
1%
Avesnes sur Helpe Eccles
1%
Avesnes sur Helpe Eclaibes
1%
Arras Ecoivres
1%
Arras Ecoust Saint Mein
1%
Béthune Ecquedecques
1%
Avesnes sur Helpe Ecuélin
1%
Cambrai Elincourt
1%
Saint Omer Elnes
1%
Avesnes sur Helpe Englefontaine
1%
Montreuil Enquin sur Baillons
1%
Montreuil Ergny
1%
Saint Omer Erny Saint Julien
1%
Cambrai Escarmain
1%
Cambrai Esnes
1%
Cambrai Estourmel
1%
Arras Estrée Wamin
1%
Cambrai Estrun
1%
Arras Eterpigny
1%
Arras Famechon
1%
Arras Fiefs
1%
Montreuil Fillièvres
1%
Avesnes sur Helpe Flaumont Waudrechies
1%
Avesnes sur Helpe Floursies
1%
Cambrai Fontaine au Pire
1%
Arras Fontaine lès Hermans
1%
Arras Foufflin Ricametz
1%
Avesnes sur Helpe Frasnoy
1%
Arras Frémicourt
1%
Arras Frévillers
1%
Montreuil Galametz
1%
Arras Gauchin Verloingt
1%
Arras Gaudiempré
1%
Arras Givenchy le Noble
1%
Avesnes sur Helpe Glageon
1%
Arras Gomiécourt
1%
Montreuil Gouy Saint André
1%
Arras Graincourt lès Havrincourt
1%
Arras Grand Rullecourt
1%
Montreuil Grigny
1%
Arras Grincourt lès Pas
1%
Arras Guémappe
1%
Arras Habarcq
1%
Arras Halloy
1%
Arras Hamblain les Prés
1%
Arras Hamelincourt
1%
Arras Haplincourt
1%
Avesnes sur Helpe Hargnies
1%
Arras Hautecloque
1%
Arras Hauteville
1%
Saint Omer Haut Loquin
1%
Arras Hendecourt lès Cagnicourt
1%
Arras Hendecourt lès Ransart
1%
Arras Héninel
1%
Boulogne sur Mer Henneveux
1%
Arras Hénu
1%
Calais Herbinghen
1%
Arras Herlincourt
1%
Béthune Hermin
1%
Arras Hernicourt
1%
Montreuil Hesmond
1%
Avesnes sur Helpe Hestrud
1%
Arras Hestrus
1%
Calais Hocquinghen
1%
Avesnes sur Helpe Hon Hergies
1%
Cambrai Honnechy
1%
Arras Houvin Houvigneul
1%
Arras Huclier
1%
Arras Humbercamps
1%
Arras Humières
1%
Arras Ivergny
1%
Saint Omer Journy
1%
Montreuil Labroye
1%
Montreuil La Calotterie
1%
Arras Lagnicourt Marcel
1%
Cambrai La Groise
1%
Arras La Herlière
1%
Montreuil La Loge
1%
Montreuil La Madelaine sous Montreuil
1%
Avesnes sur Helpe Larouillies
1%
Arras Lebucquière
1%
Arras Léchelle
1%
Saint Omer Ledinghem
1%
Avesnes sur Helpe Le Favril
1%
Montreuil Le Quesnoy en Artois
1%
Arras Le Souich
1%
Boulogne sur Mer Leubringhen
1%
Boulogne sur Mer Leulinghen Bernes
1%
Boulogne sur Mer Le Wast
1%
Avesnes sur Helpe Lez Fontaine
1%
Arras Liencourt
1%
Béthune Liettres
1%
Valenciennes Lieu Saint Amand
1%
Cambrai Ligny en Cambrésis
1%
Arras Ligny Thilloy
1%
Avesnes sur Helpe Limont Fontaine
1%
Béthune Linghem
1%
Arras Linzeux
1%
Boulogne sur Mer Longueville
1%
Montreuil Longvilliers
1%
Boulogne sur Mer Lottinghen
1%
Avesnes sur Helpe Mairieux
1%
Cambrai Malincourt
1%
Boulogne sur Mer Maninghen Henne
1%
Montreuil Maresquel Ecquemicourt
1%
Arras Marest
1%
Montreuil Maresville
1%
Arras Marquay
1%
Montreuil Matringhem
1%
Avesnes sur Helpe Mecquignies
1%
Montreuil Mencas
1%
Boulogne sur Mer Menneville
1%
Saint Omer Mentque Nortbécourt
1%
Saint Omer Merck Saint Liévin
1%
Avesnes sur Helpe Monceau Saint Waast
1%
Valenciennes Monchaux sur Ecaillon
1%
Arras Moncheaux lès Frévent
1%
Arras Monchel sur Canche
1%
Arras Monchiet
1%
Arras Monchy au bois
1%
Arras Monchy Cayeux
1%
Arras Mondicourt
1%
Cambrai Montay
1%
Arras Montenescourt
1%
Cambrai Montrécourt
1%
Arras Monts en Ternois
1%
Arras Morchies
1%
Saint Omer Moringhem
1%
Arras Morval
1%
Avesnes sur Helpe Moustier en Fagne
1%
Arras Moyenneville
1%
Boulogne sur Mer Nabringhen
1%
Boulogne sur Mer Nesles
1%
Arras Neuville Bourjonval
1%
Avesnes sur Helpe Neuville en Avesnois
1%
Arras Noreuil
1%
Saint Omer Nort Leulinghem
1%
Avesnes sur Helpe Noyelles sur Sambre
1%
Valenciennes Noyelles sur Selle
1%
Arras Noyellette
1%
Arras Noyelle Vion
1%
Avesnes sur Helpe Obrechies
1%
Montreuil Offin
1%
Boulogne sur Mer Offrethun
1%
Saint Omer Ouve Wirquin
1%
Saint Omer Pihem
1%
Cambrai Pommereuil
1%
Arras Pressy
1%
Avesnes sur Helpe Preux au Bois
1%
Avesnes sur Helpe Preux au Sart
1%
Arras Pronville en Artois
1%
Arras Puisieux
1%
Arras Quéant
1%
Saint Omer Quelmes
1%
Saint Omer Quercamps
1%
Avesnes sur Helpe Quiévelon
1%
Montreuil Quilen
1%
Arras Quoeux Haut Maînil
1%
Avesnes sur Helpe Rainsars
1%
Avesnes sur Helpe Ramousies
1%
Arras Ransart
1%
Avesnes sur Helpe Raucourt au Bois
1%
Saint Omer Rebergues
1%
Arras Rebreuve sur Canche
1%
Arras Rebreuviette
1%
Saint Omer Reclinghem
1%
Montreuil Regnauville
1%
Saint Omer Remilly Wirquin
1%
Arras Riencourt lès Bapaume
1%
Arras Riencourt lès Cagnicourt
1%
Avesnes sur Helpe Robersart
1%
Arras Rocquigny
1%
Arras Roëllecourt
1%
Béthune Rombly
1%
Cambrai Romeries
1%
Arras Rougefay
1%
Avesnes sur Helpe Rousies
1%
Avesnes sur Helpe Ruesnes
1%
Cambrai Rumilly en Cambrésis
1%
Arras Sailly au Bois
1%
Arras Sains lès Marquion
1%
Cambrai Saint Aubert
1%
Boulogne sur Mer Saint Martin Choquel
1%
Saint Omer Saint Martin d'Hardinghem
1%
Cambrai Saint Martin sur Ecaillon
1%
Montreuil Saint Michel sous Bois
1%
Avesnes sur Helpe Saint Remy Chaussée
1%
Cambrai Saint Souplet
1%
Cambrai Saint Vaast en Cambrésis
1%
Avesnes sur Helpe Saint Waast
1%
Avesnes sur Helpe Salesches
1%
Calais Sanghen
1%
Arras Sapignies
1%
Arras Sars le Bois
1%
Avesnes sur Helpe Sassegnies
1%
Arras Saudemont
1%
Boulogne sur Mer Selles
1%
Avesnes sur Helpe Semousies
1%
Boulogne sur Mer Senlecques
1%
Montreuil Senlis
1%
Cambrai Séranvillers Forenville
1%
Arras Séricourt
1%
Arras Sibiville
1%
Arras Simencourt
1%
Arras Siracourt
1%
Avesnes sur Helpe Solrinnes
1%
Arras Sombrin
1%
Saint Omer Surques
1%
Avesnes sur Helpe Taisnières en Thiérache
1%
Avesnes sur Helpe Taisnières sur Hon
1%
Arras Teneur
1%
Arras Ternas
1%
Cambrai Thun Saint Martin
1%
Montreuil Tigny Noyelle
1%
Arras Tilloy lès Hermaville
1%
Arras Tilly Capelle
1%
Boulogne sur Mer Tingry
1%
Montreuil Torcy
1%
Montreuil Tortefontaine
1%
Cambrai Troisvilles
1%
Arras Vacquerie le Boucq
1%
Montreuil Vacqueriette Erquières
1%
Saint Omer Vaudringhem
1%
Arras Vélu
1%
Avesnes sur Helpe Vendegies au Bois
1%
Cambrai Vendegies sur Ecaillon
1%
Valenciennes Verchain Maugré
1%
Montreuil Verchin
1%
Boulogne sur Mer Verlincthun
1%
Montreuil Vieil Hesdin
1%
Boulogne sur Mer Vieil Moutier
1%
Avesnes sur Helpe Vieux Reng
1%
Avesnes sur Helpe Villereau
1%
Arras Villers au Flos
1%
Arras Villers Châtel
1%
Cambrai Villers Guislain
1%
Arras Villers lès Cagnicourt
1%
Arras Villers l'Hôpital
1%
Avesnes sur Helpe Villers Sire Nicole
1%
Montreuil Vincly
1%
Montreuil Waben
1%
Boulogne sur Mer Wacquinghen
1%
Avesnes sur Helpe Wallers en Fagne
1%
Cambrai Wambaix
1%
Arras Wanquetin
1%
Arras Warlencourt Eaucourt
1%
Arras Warlincourt lès Pas
1%
Valenciennes Wavrechain sous Faulx
1%
Montreuil Wicquinghem
1%
Montreuil Widehem
1%
Boulogne sur Mer Wierre au Bois
1%
Arras Willencourt
1%
Avesnes sur Helpe Willies
1%
Saint Omer Wismes
1%
Arras Ytres
1%
Montreuil Avondance
0%
Arras Basseux
0%
Montreuil Béalencourt
0%
Cambrai Beaumont en Cambrésis
0%
Arras Bermicourt
0%
Arras Blangerval Blangermont
0%
Arras Boffles
0%
Montreuil Boisjean
0%
Montreuil Boubers lès Hesmond
0%
Cambrai Boussières en Cambrésis
0%
Arras Boyaval
0%
Montreuil Brévillers
0%
Montreuil Brimeux
0%
Montreuil Capelle lès Hesdin
0%
Arras Chelers
0%
Montreuil Colline Beaumont
0%
Montreuil Contes
0%
Avesnes sur Helpe Damousies
0%
Cambrai Dehéries
0%
Montreuil Douriez
0%
Montreuil Eclimeux
0%
Montreuil Embry
0%
Arras Equirre
0%
Montreuil Estréelles
0%
Avesnes sur Helpe Fontaine au Bois
0%
Arras Fontaine lès Boulans
0%
Arras Fontaine l'Etalon
0%
Avesnes sur Helpe Forest en Cambrésis
0%
Arras Fortel en Artois
0%
Arras Fosseux
0%
Arras Framecourt
0%
Arras Gennes Ivergny
0%
Arras Gommecourt
0%
Arras Gouves
0%
Arras Gouy en Ternois
0%
Arras Grévillers
0%
Montreuil Guigny
0%
Arras Guinecourt
0%
Montreuil Guisy
0%
Arras Hannescamps
0%
Arras Haravesnes
0%
Cambrai Haucourt en Cambrésis
0%
Avesnes sur Helpe Hecq
0%
Montreuil Hézecques
0%
Montreuil Humbert
0%
Arras Humeroeuille
0%
Montreuil Incourt
0%
Montreuil Inxent
0%
Arras La Thieuloye
0%
Arras Lattre Saint Quentin
0%
Montreuil Lebiez
0%
Montreuil Lépine
0%
Cambrai Lesdain
0%
Montreuil Lespinoy
0%
Arras Lignereuil
0%
Montreuil Loison sur Créquoise
0%
Montreuil Lugy
0%
Montreuil Maintenay
0%
Montreuil Maisoncelle
0%
Montreuil Marant
0%
Montreuil Marenla
0%
Montreuil Marles sur Canche
0%
Arras Martinpuich
0%
Cambrai Maurois
0%
Cambrai Mazinghien
0%
Arras Mingoval
0%
Montreuil Montcavrel
0%
Cambrai Montigny en Cambrésis
0%
Montreuil Mouriez
0%
Montreuil Neulette
0%
Arras Neuville au Cornet
0%
Montreuil Noyelles lès Humières
0%
Arras Orville
0%
Arras Pierremont
0%
Montreuil Planques
0%
Arras Prédefin
0%
Montreuil Raye sur Authie
0%
Montreuil Recques sur Course
0%
Cambrai Rejet de Beaulieu
0%
Cambrai Reumont
0%
Montreuil Rimboval
0%
Montreuil Rollancourt
0%
Montreuil Roussent
0%
Montreuil Royon
0%
Arras Ruyaulcourt
0%
Montreuil Sains lès Fressin
0%
Cambrai Saint Benin
0%
Montreuil Saint Denoeux
0%
Montreuil Saint Rémy au Bois
0%
Arras Sarton
0%
Montreuil Saulchoy
0%
Arras Souastre
0%
Arras Tangry
0%
Arras Thièvres
0%
Arras Tollent
0%
Montreuil Tramecourt
0%
Arras Troisvaux
0%
Arras Villers Brûlin
0%
Arras Villers sir Simon
0%
Montreuil Wambercourt
0%
Montreuil Wamin
0%
Montreuil Willeman
0%
Aucun quiz correspondant
Distribution des résultats
% des personnes avec chaque résultat
Percentile par nombre de réponses
Votre historique - résultats
Vous n’avez pas pris ce quiz